00626nam a22002177a 4500003001100000005001700011008004100028020001600069040003900085041000800124082001300132100001800145245004600163260002900209300002000238650001700258650002300275942000700298952008800305999001500393LK-CoMWRAF20231025112841.0231025b |||||||| |||| 00| 0 eng d a0590112589  aLK-CoMWRAFdLK-CoMWRAFeLK-CoMWRAF aeng a823bSTI aStine, R. L.  aGoosebumps :bThe curse of camp cold lake aLondon : bHippo, c1998 a116 p. ; 20 cm. aHorror tales aChildren's stories cBK 00104070aMAINbMAINd2023-10-25l0o823 STIpRAF2437r2023-10-25w2023-10-25yBK c3994d3994